Short-run dynamics in monetary model of exchange rate

Odhad redukovaného klasického monetárneho modelu vývoja menového kurzu SKK/CZK v závislosti od M2, reálneho sezónne očisteného HDP a priemernej úrokovej miery. Na odhad modelu sa použili štvrťročné údaje od prvého štvrťroka 1998 do štvrtého štvrťroka 2003.

Guardado en:
Detalles Bibliográficos
Autor principal: Rublíková, Eva
Otros Autores: Hančlová, Jana
Formato: Capítulo de libro
Lenguaje:inglés
Materias:
Etiquetas: Agregar Etiqueta
Sin Etiquetas, Sea el primero en etiquetar este registro!

MARC

LEADER 00000naa$a2200000$$$4500
001 0051436
005 20240502071612.7
041 0 |a eng 
044 |a SK 
245 1 0 |a Short-run dynamics in monetary model of exchange rate  |c Eva Rublíková, Jana Hančlová 
520 |a Odhad redukovaného klasického monetárneho modelu vývoja menového kurzu SKK/CZK v závislosti od M2, reálneho sezónne očisteného HDP a priemernej úrokovej miery. Na odhad modelu sa použili štvrťročné údaje od prvého štvrťroka 1998 do štvrtého štvrťroka 2003. 
610 2 0 |a modelovanie ekonometrické 
610 2 0 |a vývoj menový 
610 2 0 |a koruna 
610 2 0 |a politika menová 
610 2 0 |a Česko 
610 2 0 |a Slovensko 
610 2 0 |a miera úroková 
610 2 0 |a korelácia 
100 1 |a Rublíková, Eva 
700 1 |a Hančlová, Jana